| 000 | 01059naa a22002897a 4500 | ||
|---|---|---|---|
| 001 | BR2300051 | ||
| 003 | BR-BrBNA | ||
| 005 | 20240918172734.0 | ||
| 007 | ta | ||
| 008 | 230509b bl.||||| |||| 00| 0 por d | ||
| 040 |
_aBR-BrBNA _bpor _cBiblioteca Nacional de Agricultura |
||
| 041 | _a(Pt) | ||
| 072 |
_aN20 _b4500 _bG514 |
||
| 090 | _aN20 BR2300051 | ||
| 100 | 1 | _aPontual Junior, S. | |
| 111 | 1 |
_a1. Congresso de Agricultura do Nordeste Brasileiro _cRecife, PE (Brazil) _d8 Jan 1923 |
|
| 245 | 1 | _aInstrumentos agricolas actualmente mais usados na lavoura do nordeste [Brasil] | |
| 260 | 3 |
_aRecife, PE (Brasil): _c1923. |
|
| 500 | _aAnnaes do 1. Congresso de Agricultura do Nordeste Brasileiro Recife, PE (Brasil): 1923. p. 278-290 (BR2300051-AM)N20 | ||
| 650 | _aEquipamento rural | ||
| 650 | _aArado | ||
| 650 | _aLavoura | ||
| 650 | _aNordeste | ||
| 773 | 0 |
_tAnnaes do 1. Congresso de Agricultura do Nordeste Brasileiro _wN20 BR2300051 _gRecife, PE (Brasil), 1923. p. 278-290 |
|
| 909 |
_a202404 _bLucia _c55 _dLucia Elande |
||
| 942 |
_cAM _2AGRIS |
||
| 999 |
_c301310 _d301310 |
||